| 000 | 00932nam a2200301 a 4500 | ||
|---|---|---|---|
| 001 | vtls000406170 | ||
| 003 | NLI | ||
| 005 | 20210603110342.0 | ||
| 008 | 110211s2005 ne 001 0 eng | ||
| 020 |
_a0080433529 : _cUSD 99.99 |
||
| 039 | 9 |
_y201102112235 _zVargis_01 |
|
| 040 |
_aNLI _beng _cVergis_S _eAACR2 |
||
| 041 | 0 | _aeng | |
| 044 | _ane | ||
| 082 | 0 | 4 | _a658.4092 |
| 100 | 1 |
_aLakomski, Gabriele _9353518 |
|
| 245 | 1 | 0 |
_aManaging without leadership / _ctowards a theory of organizational functioning / _cGabriele Lakomski |
| 260 |
_aAmsterdam : _bElsevier, _c2005 |
||
| 300 |
_axiv, 159 p. ; _c25 cm. |
||
| 500 | _aIncludes index | ||
| 650 | 0 |
_aManagement _xHistory _967270 |
|
| 650 | 0 |
_aExecutives _xTraining of _xHistory _9593352 |
|
| 887 | _a | ||
| 901 |
_a551156 _b26.10.2005 |
||
| 902 | _aE/O 658.4092 L 149 | ||
| 942 |
_2ddc _cBKS |
||
| 949 |
_AVIRTUAITEM _D10000 _X100 _6PUR000551156ENG |
||
| 999 |
_aVIRTUA _c366367 _d366367 |
||